Neue Literatur von Frauen

Αποθηκεύτηκε σε:
Λεπτομέρειες βιβλιογραφικής εγγραφής
Άλλοι συγγραφείς: Bauer-Kerber, Inge (Επιμελητής έκδοσης), Dietrich-Chenel, Karin (Επιμελητής έκδοσης)
Μορφή: Βιβλίο
Γλώσσα:German
Δημοσίευση: Berlin : Langenscheidt, c1986
Σειρά:Literatur und Landeskunde ; ; 2
Θέματα:
Ετικέτες: Προσθήκη ετικέτας
Δεν υπάρχουν, Καταχωρήστε ετικέτα πρώτοι!

MARC

LEADER 00000nam a2200000 i 4500
001 1/104749
008 000316s1986 ger d
020 |a 3-468-49471-8 
035 |l 10058958 
040 |a GR-MY-UA  |b gre  |e aacr 
041 0 |a ger 
082 0 |a 830.89287 
245 1 0 |a Neue Literatur von Frauen /  |c hrsg. von Inge Bauer-Kerber und Karin Dietrich-Chenel 
260 |a Berlin :   |b Langenscheidt,   |c c1986 
300 |a 72 p. 
490 1 |a Literatur und Landeskunde  |v ; 2 
650 0 0 |a German literature. 
650 0 0 |a Women authors  |z Germany. 
700 1 |a Bauer-Kerber, Inge.  |4 edt 
700 1 |a Dietrich-Chenel, Karin.  |4 edt 
830 0 |a Literatur und Landeskunde ;  |v ; 2 
852 |a INST  |b RHODES  |e 20000316  |h 830.89287 NEU  |p 005400009754  |q 005400009754  |t BK  |y 0 
901 |a BIBL4-2000-1 
909 |a Ρ  |b 024838 
922 |a 4ΕΛΗ  |b 199212  |c 2418 
970 |z 2000/03/16